| 000 | 00996nam a22002417a 4500 | ||
|---|---|---|---|
| 001 | 49284 | ||
| 003 | BD-RjUL | ||
| 005 | 20211209054647.0 | ||
| 008 | 160820s1974 ii ||||| |||| 00| 0 ben d | ||
| 020 | _c: IRs 7.00 | ||
| 035 | _a(BD-RjUL)49403 | ||
| 040 |
_aBD-RjUL _bben _cBD-RjUL |
||
| 041 | _aben | ||
| 082 |
_223 _a891.4409 _bMAR 1974 |
||
| 100 |
_aমজুমদার, উজ্জ্বল্কুমার _9148060 |
||
| 245 | 1 | 0 |
_aস্যার সৈয়দ আহমদের রচনাবলী / _cউজ্জ্বল্কুমার মজুমদার |
| 260 |
_aকলিকাতা : _bবেঙ্গল পাবলিশার্স, _c১৯৭৪ [১৩৮১] |
||
| 300 |
_a খণ্ড ; _c১৯ সেমি. |
||
| 505 | _aখণ্ড ১ | ||
| 650 |
_aবাংলা সাহিত্য _xইতিহাস ও সমালোচনা _9148061 |
||
| 650 |
_aBengali Literature _xHistory & Criticism _9148062 |
||
| 942 |
_2ddc _cBK |
||
| 999 |
_c49284 _d49284 |
||